000 00625nam a22002171c 4500
001 a987690286
008 180629s2015 gw |||| 000u eng d
020 _a9781472590770
_9978-1-4725-9077-0
041 _aeng
100 1 _aDale, Robert
245 0 0 _aDemobilized veterans in late Stalinist Leningrad :
_bsoldiers to civilians /
_cRobert Dale
264 _aLondon; Oxford; New York; New Delhi; Sydney,
_c2015
300 _axvi, 266 Seiten
650 0 _aDemobilmachung
650 0 _aVeteran
650 0 _aWeltkrieg <1939-1945>
651 0 _aSowjetunion
942 _cMG
040 _cRU-10907106
003 RU-10907106
999 _c50647
_d50647